Statistiken für Die 40 einflussreichsten Länder in der Geschichte

Klicken Sie hier um das Quiz zu spielen!

Allgemein

  • Dieses Quiz wurde 972 mal gespielt
  • Das Durchschnittsergebnis liegt bei 32 aus 40

Antwortstatistiken

Nr.KontinentLand% Korrekt
1-10AsienChina
100%
1-10EuropaDeutschland
99%
1-10EuropaFrankreich
98%
1-10Asien/EuropaRussland
98%
1-10Nordamerikadie Vereinigten Staaten von Amerika
97%
1-10EuropaItalien
97%
1-10EuropaSpanien
97%
1-10AsienJapan
95%
11-20NordamerikaKanada
94%
21-30SüdamerikaBrasilien
93%
11-20NordamerikaMexiko
93%
11-20Asien/EuropaTürkei
92%
11-20AsienIndien
90%
11-20EuropaÖsterreich
89%
11-20EuropaPortugal
89%
1-10Europadas Vereinigte Königreich
88%
31-40EuropaPolen
88%
21-30AfrikaÄgypten
87%
21-30SüdamerikaArgentinien
87%
11-20EuropaSchweden
87%
21-30OzeanienAustralien
86%
1-10EuropaGriechenland
86%
11-20EuropaNiederlande
84%
21-30AfrikaSüdafrika
80%
21-30EuropaNorwegen
79%
31-40EuropaBelgien
77%
21-30AsienIran
77%
11-20EuropaUngarn
72%
31-40SüdamerikaKolumbien
70%
31-40AsienIrak
68%
21-30NordamerikaKuba
66%
31-40AsienSüdkorea
65%
11-20AsienIndonesien
62%
31-40EuropaSerbien
59%
31-40AfrikaMarokko
58%
21-30AsienMongolei
55%
31-40SüdamerikaVenezuela
54%
31-40EuropaRumänien
52%
31-40NordamerikaPanama
44%
21-30AfrikaÄthiopien
35%

Verteilung der Resultate

Perzentil nach korrekt beantworteten Fragen

Anzahl Personen mit jedem Resultat

Ihre Resultats-Entwicklung

Sie haben dieses Quiz noch nicht gespielt